书目信息 |
| 题名: |
计算机基础实验指导与习题集
|
|
| 作者: | 郑坚 主编 | |
| 分册: | ||
| 出版信息: | 北京 电子工业出版社 2004.08 |
|
| 页数: | 209页 | |
| 开本: | 26cm | |
| 丛书名: | ||
| 单 册: | ||
| 中图分类: | TP3 | |
| 科图分类: | ||
| 主题词: | 电子计算机--高等学校--教学参考资料 | |
| 电子资源: | ||
| ISBN: | 7-120-00116-7 | |
| 000 | 00784nam0 2200217 450 | |
| 001 | 0116605315 | |
| 005 | 20050617151100.70 | |
| 010 | @a7-120-00116-7@d18.00CNY | |
| 100 | @a20050317d2004 km y0chiy0120 ea | |
| 101 | 0 | @achi |
| 102 | @aCN@b110000 | |
| 105 | @aa z 000yy | |
| 200 | 1 | @a计算机基础实验指导与习题集@Aji suan ji ji chu shi yan zhi dao yu xi ti ji@f郑坚主编@Fzheng jian zhu bian |
| 210 | @a北京@c电子工业出版社@d2004.08 | |
| 215 | @a209页@c图@d26cm | |
| 330 | @a全书分为两部分内容。第一部分为实验操作指导,分6章,共26个实验;第二部分为习题与参考答案,按章节结合计算机等级考试要求,精选了大量练习题。 | |
| 606 | 0 | @a电子计算机@x高等学校@x教学参考资料 |
| 690 | @aTP3@v4 | |
| 701 | 0 | @a郑坚@Azheng jian@4主编 |
| 801 | 0 | @aCN@bQSSK@c20050617 |
| 905 | @a10447@dTP3@eZ438 | |
| 计算机基础实验指导与习题集/郑坚主编.-北京:电子工业出版社,2004.08 |
| 209页:图;26cm |
| ISBN 7-120-00116-7:18.00CNY |
| 全书分为两部分内容。第一部分为实验操作指导,分6章,共26个实验;第二部分为习题与参考答案,按章节结合计算机等级考试要求,精选了大量练习题。 |
| ● |
| 相关链接 |
|
|
|
正题名:计算机基础实验指导与习题集
索取号:TP3/Z438
 
预约/预借
| 序号 | 登录号 | 条形码 | 馆藏地/架位号 | 状态 | 备注 |
| 1 | 522537 | 205225371 | 自科二线400A/400A自科库 4排3列3层/ [索取号:TP3/Z438] | 在馆 | |
| 2 | 522538 | 205225380 | 自科二线400A/400A自科库 4排3列3层/ [索取号:TP3/Z438] | 在馆 | |
| 3 | 522539 | 205225399 | 自科二线400A/400A自科库 4排3列3层/ [索取号:TP3/Z438] | 在馆 |